| 000 | 00560nam a2200193 a 4500 | ||
|---|---|---|---|
| 005 | 20240925064605.0 | ||
| 008 | 991125s1976 mx 000 0 spa u | ||
| 035 | _aUPN01000032445 | ||
| 049 | _aCG | ||
| 050 | 4 |
_aBF698 _bL9.38 |
|
| 100 | 1 | _aLynn, Richard | |
| 245 | 1 | 0 |
_aIntroducción al estudio de la personalidad / _cRichard Lynn ; tr. Elvia Torres Pino. |
| 260 |
_aMéxico : _bPublicaciones Cultural, _c1976. |
||
| 300 | _a120 p. | ||
| 440 | 0 | _aCiencias de la educación | |
| 650 | 4 |
_aPersonalidad _97690 |
|
| 650 | 7 |
_aAnsiedad _2 _94750 |
|
| 905 | _aLibro | ||
| 999 |
_c32445 _d32445 |
||